Estructura pedagógico-administrativa de E.G.B

Պահպանված է:
Մատենագիտական մանրամասներ
Հիմնական հեղինակ: Arribas, Carlos (Հեղինակ)
Ձևաչափ: Գիրք
Լեզու:իսպաներեն
Հրապարակվել է: Madrid Interduc 1981
Madrid Schroedel 1981
Շարք:Educación y Entorno
Խորագրեր:
Ցուցիչներ: Ավելացրեք ցուցիչ
Չկան պիտակներ, Եղեք առաջինը, ով նշում է այս գրառումը!

MARC

LEADER 00000nam a2200000 a 4500
001 UCH9452
003 CL-VaPUC
008 100107e19810000sp |||||||||||||||||spa|d
020 |a 8438875009 
082 0 4 |a 372.1  |b ARR  |2 21 
100 0 |a Arribas, Carlos  |e author  |9 546556 
245 1 0 |a Estructura pedagógico-administrativa de E.G.B 
300 |a t 
942 |c BK 
945 |d 20100107 00:00:00  |a dcastane 
260 |a Madrid  |b Interduc  |c 1981 
260 |a Madrid  |b Schroedel  |c 1981 
650 0 |a Educación básica   |9 224933 
650 0 |a Planificación de la educación   |9 307333 
650 0 |a Formación profesional de profesores  |9 307493 
583 |a last modification  |c 20170913 01:06:04  |k Rodrigo Vera 
490 0 |a Educación y Entorno 
999 |c 339420  |d 339418 
952 |0 0  |1 0  |4 0  |6 372_100000000000000_ARR_1981_1981  |7 0  |8 P  |9 433073  |a BIBEDU  |b BIBEDU  |c BIBEDU_PB  |d 2019-11-22  |h t.1  |i 4632613  |o 372.1 ARR 1981 1981  |p 4632613  |r 2024-01-25  |w 2019-11-22  |y BK  |k EBA 
952 |0 0  |1 0  |4 0  |6 372_100000000000000_ARR_1981_1981  |7 0  |8 P  |9 433074  |a BIBEDU  |b BIBEDU  |c BIBEDU_PB  |d 2019-11-22  |h t.2  |i 4632621  |o 372.1 ARR 1981 1981  |p 4632621  |r 2024-01-25  |w 2019-11-22  |y BK  |k EBA